[Event "Mecklenburg VP-ch U25"]
[Site "Malchow"]
[Date "2019.02.02"]
[Round "1.9"]
[White "Wolfgramm, Egon"]
[Black "Krohn, Joshua"]
[Result "1-0"]
[WhiteElo "1219"]
[BlackElo "796"]
[PlyCount "77"]
[EventDate "2019.02.02"]
[EventType "swiss"]
[EventRounds "7"]
[EventCountry "GER"]
[SourceTitle "EXT 2022"]
[Source "ChessBase"]
[SourceDate "2021.10.06"]
[SourceVersion "1"]
[SourceVersionDate "2021.10.06"]
[SourceQuality "1"]

1. d4 d5 2. Nf3 Nc6 3. Bf4 Nf6 4. Nc3 Bg4 5. Nb5 Rc8 6. e3 e6 7. b3 Bxf3 8. Qxf3 Be7 9. Qg3 0-0 10. Bh6 Nh5 11. Qg4 Bf6 12. Qxh5 Re8 13. Bf4 g6 14. Qg4 Bg7 15. Qg3 Re7 16. h4 Nb4 17. Bd3 Nxd3+ 18. cxd3 c6 19. Nc3 Rec7 20. Bxc7 Rxc7 21. h5 Qe7 22. hxg6 fxg6 23. Qh2 Bf6 24. e4 Bxd4 25. Qh4 Qf7 26. exd5 cxd5 27. Qxd4 b6 28. Qh4 h5 29. g4 Re7 30. gxh5 gxh5 31. Qg5+ Kf8 32. Rxh5 Ke8 33. Nb5 Kd7 34. Rc1 a6 35. Rc7+ Ke8 36. Rh8+ Qf8 37. Rxf8+ Kxf8 38. Qxe7+ Kg8 39. Qg7# 1-0

[Event "Mecklenburg VP-ch U16"]
[Site "Malchow"]
[Date "2018.02.07"]
[Round "7.10"]
[White "Wolfgramm, Egon"]
[Black "Thote, Christian"]
[Result "1-0"]
[WhiteElo "1226"]
[BlackElo "1341"]
[PlyCount "79"]
[EventDate "2018.02.07"]
[EventType "swiss"]
[EventRounds "7"]
[EventCountry "GER"]
[SourceTitle "EXT 2022"]
[Source "ChessBase"]
[SourceDate "2021.10.06"]
[SourceVersion "1"]
[SourceVersionDate "2021.10.06"]
[SourceQuality "1"]

1. d4 e6 2. Nf3 d5 3. Bf4 Nf6 4. e3 Be7 5. Be2 0-0 6. Nbd2 Nbd7 7. 0-0 c5 8. c3 b6 9. Qc2 Bb7 10. Ng5 g6 11. h3 Nh5 12. Bxh5 Bxg5 13. Bxg5 Qxg5 14. Bf3 Qe7 15. Rfe1 Rac8 16. Qd1 Rc7 17. Qe2 Rfc8 18. g3 cxd4 19. exd4 a6 20. Rac1 b5 21. b4 Rxc3 22. Rxc3 Rxc3 23. Rb1 Nb6 24. Qe5 f6 25. Qe2 Kf7 26. h4 Qc7 27. Re1 Bc8 28. h5 Rc2 29. a3 Nc4 30. Rd1 Nxa3 31. Re1 Nc4 32. Bxd5 exd5 33. Qe8+ Kg7 34. Re7+ Qxe7 35. Qxe7+ Kh6 36. Nxc4 bxc4 37. Qf8+ Kxh5 38. Qxc8 f5 39. Qd8 c3 40. Qh4# 1-0

[Event "Mecklenburg VP-ch U12"]
[Site "Malchow"]
[Date "2014.02.01"]
[Round "1"]
[White "Wolfgramm, Egon"]
[Black "Stadach, Pepe"]
[Result "0-1"]
[WhiteElo "819"]
[BlackElo "1142"]
[PlyCount "76"]
[EventDate "2014.02.01"]
[EventType "swiss"]
[EventRounds "7"]
[EventCountry "GER"]
[SourceTitle "EXT 2017"]
[Source "ChessBase"]
[SourceDate "2016.10.25"]
[SourceVersion "1"]
[SourceVersionDate "2016.10.25"]
[SourceQuality "1"]

1. d4 d5 2. Bf4 Nc6 3. e3 Nf6 4. Bd3 Bd7 5. Nf3 e6 6. Nbd2 Be7 7. 0-0 0-0 8. c3 a6 9. Qc2 h6 10. c4 Nb4 11. Qb3 Qe8 12. Bxc7 Ba4 13. Qc3 Rc8 14. Be5 dxc4 15. Bxc4 b5 16. b3 bxc4 17. bxa4 Nbd5 18. Qc2 c3 19. Nb1 Nb4 20. Qb3 Ne4 21. Rc1 c2 22. Na3 Rc3 23. Qb2 Qxa4 24. d5 Nd3 25. Qb7 Nxc1 26. Qxe7 Rxa3 27. Qh4 Nxa2 28. Qg4 f6 29. Bf4 g5 30. Bg3 c1Q+ 31. Rxc1 Nxc1 32. h3 Ne2+ 33. Kh2 N2xg3 34. Qxe6+ Kh8 35. d6 Qd1 36. Ng1 Ra2 37. fxg3 Nxd6 38. Qg4 Qf1 0-1